[Event "GER-ch U25-B"]
[Site "Willingen"]
[Date "2016.05.17"]
[Round "5"]
[White "Reuter, Max"]
[Black "Rokohl, Florian"]
[Result "0-1"]
[WhiteElo "1268"]
[BlackElo "1397"]
[PlyCount "98"]
[EventDate "2016.05.15"]
[EventType "swiss"]
[EventRounds "9"]
[EventCountry "GER"]
[SourceTitle "CBM 172 Extra"]
[Source "ChessBase"]
[SourceDate "2016.06.21"]
[SourceVersion "1"]
[SourceVersionDate "2016.06.21"]
[SourceQuality "1"]

1. e4 c5 2. Nc3 Nc6 3. f4 d6 4. Bc4 Nf6 5. a3 a6 6. a4 e6 7. Nf3 d5 8. exd5 exd5 9. Ba2 Bg4 10. 0-0 Nd4 11. Qe1+ Ne6 12. d3 Bxf3 13. Rxf3 Be7 14. Rf1 0-0 15. Bd2 Re8 16. Nd1 Nd4 17. Ne3 Bd6 18. Qf2 Bxf4 19. c3 Bxe3 20. Bxe3 Nc2 21. Qxc2 Rxe3 22. Qf2 Qe7 23. Rae1 Rxe1 24. Rxe1 Qd6 25. Qf3 Rb8 26. c4 d4 27. Qe2 Qd7 28. Qe5 Re8 29. Qg3 Rxe1+ 30. Qxe1 Qxa4 31. Bb1 h6 32. Qd2 Qa1 33. Qc1 Ng4 34. h3 Ne3 35. Kf2 g5 36. g3 f5 37. Ke2 Kg7 38. Kd2 Qa5+ 39. Ke2 Qc7 40. Qg1 Qe5 41. Kd2 f4 42. Qh1 Qe7 43. gxf4 gxf4 44. Qe4 Qxe4 45. dxe4 Nxc4+ 46. Ke2 Kf6 47. b3 Nd6 48. Kf3 Ke5 49. h4 h5 0-1